| 000 | 00513nam a22001817a 4500 | ||
|---|---|---|---|
| 003 | OSt | ||
| 005 | 20260106140938.0 | ||
| 008 | 260106b |||||||| |||| 00| 0 eng d | ||
| 020 | _a9781787386075 | ||
| 040 |
_aNIRU _bEN _cNIRU |
||
| 050 |
_aHV 6432 _b.65 2020 |
||
| 100 |
_aCook, Joana _e[Author] |
||
| 245 |
_aA woman's place _bUS counterterrorism since 9/11 _cJoan Cook |
||
| 260 |
_aLondon _bC hurst & co. publishers ltd _c2021 |
||
| 300 | _a560 p. | ||
| 650 |
_awomen _vcounterterrorism _zUS |
||
| 942 |
_2lcc _cBK _n0 |
||
| 999 |
_c590 _d590 |
||